| 000 | 01314nam a22002297a 4500 | ||
|---|---|---|---|
| 999 |
_c57820 _d57820 |
||
| 003 | Ge_BSU | ||
| 005 | 20221221151239.0 | ||
| 008 | 201222s2020 ge ||||| |||| 00| 0 geo d | ||
| 041 | _ageo | ||
| 080 | _a616.853 ც-63 | ||
| 100 |
_aცინცაძე, ირინე _99937 |
||
| 245 |
_a"ძნელად განსასაზღვრი სისხლის ჯგუფების იმუნოგენეტიკური მახასიათებლები" _b _cსამეცნ. ხემძღვანელები ლეილა ახვლედიანი, მარინა ნაგერვაძე. |
||
| 264 |
_aბათუმი, _c2020. |
||
| 300 |
_a133 გვ. _bილ. _c30 სმ. |
||
| 653 | _aბიოლოგია | ||
| 653 | _aგენეტიკა | ||
| 653 | _aდისერტაცია | ||
| 700 |
_aახვლედიანი, ლეილა _eსამეცნ. ხელმძღვანელი _99938 |
||
| 700 |
_aნაგერვაძე, მარინა _eსამეცნ. ხელმძღვანელი _99939 |
||
| 710 |
_aბსუ _eსაბუნებისმეტყველო მეცნიერებათა და ჯანდაცვის ფაკ-ტი _99940 |
||
| 942 |
_2udc _cDS |
||